000 00497nmm a2200169Ia 4500
008 251105s9999||||xx |||||||||||||||||und||
020 _a9788416095599
041 _aspa
100 _aBergua, José Ángel
245 0 _aPostpolítica : elogio del gentío
264 _a[Madrid, España] :
_bBiblioteca Nueva,
_c2015
300 _a256 páginas
490 _aRazón y Sociedad
650 _aPolitical Science (General)
856 _uhttps://public.digitaliapublishing.com/a/38114
942 _cCF
999 _c77238
_d77238